00518 2200193 4500001002100000005001500021035002000036007000300056008004100059020000600100082001000106084001600116100001900132245006500151250000600216260004300222300003400265650002500299INLIS00000000000200820260204124653 a0010-0226000018ta260204 g 1 ind  a- a741.5 a741.5 GIB s0 aGibran Maulana1 aSeri Cerita Rakyat :bAsal Usul Danau Toba /cGibran Maulana a- aSurabaya :bCAHAYA AGENCY SURABAYA,c- a32 hlm :bilus. ;c19 X 28 cm aAsal Usul Danau Toba